00723cam a2200193 i 4500020001500000082001200015100001600027245011100043260007100154300001800225490005300243500006100296650001300357700002100370700001600391942000800407999001300415952010100428 a056500725400a549 HEY1 aHey, Max H.12aA second appendix to the second edition of An index of mineral species and varieties arranged chemically / aLondon :bTrustees of the British Museum (Natural History),c1974. axii, 168 p. ;1 aPublication - British Museum (Natural History) ; aSpine title: 2nd appendix to Chemical index of minerals. 0aMinerals1 aEmbrey, Peter G.1 aHey, Max H. cREF c388d388 0010708NFICaICbICcGENd2015-03-07l0o549 HEYp001611r2015-03-07 00:00:00w2015-03-07yREF